000 00859cam a22002775a 4500
001 16846205
005 20201128020932.0
008 110627s2011 nyua b 001 0 eng
020 _a0374275637
020 _a9780374275631
040 _aDLC
_cDLC
_dDLC
_dEG-ScBUE
_beng
082 0 4 _a153.42
_223
_bKAH
100 1 _aKahneman, Daniel,
_d1934-
_930399
245 1 0 _aThinking, fast and slow /
_cDaniel Kahneman.
250 _a1st ed.
260 _aNew York :
_bFarrar Straus and Giroux,
_c2011.
300 _a499 p. :
_bill. ;
_c24 cm.
504 _aIncludes bibliographical references and index.
650 7 _aThought and thinking.
_9737
_2BUEsh
650 7 _aDecision making.
_912112
_2BUEsh
650 7 _aIntuition.
_930402
_2BUEsh
650 7 _aReasoning.
_930403
_2BUEsh
651 _2BUEsh
653 _bGGEN
_cJuly2012
_cDecember2017
942 _2ddc
_cBB
999 _c16828
_d16828